|
|
|
|
| LEADER |
00000nam a2200000 a 4500 |
| 001 |
UCR9931 |
| 003 |
CL-VaPUC |
| 008 |
980619e19830000SP |||||||||||||||||spa|d |
| 082 |
0 |
4 |
|a 338.5
|b BLA
|2 21
|
| 100 |
0 |
|
|a Blair, Roger D
|e author
|9 412954
|
| 700 |
0 |
|
|a Kenny, Lawrence W
|e author
|9 412955
|
| 245 |
1 |
0 |
|a Microeconomía con aplicaciones a la empresa
|
| 300 |
|
|
|a 455 p
|
| 942 |
|
|
|c BK
|
| 945 |
|
|
|d 19980619 00:00:00
|a crobeson
|
| 260 |
|
|
|a Madrid
|b La Colina
|c 1983
|
| 650 |
|
0 |
|a Microeconomía
|9 258126
|
| 650 |
|
0 |
|a Empresas
|9 255569
|
| 650 |
|
0 |
|a Oferta y demanda
|9 255571
|
| 650 |
|
0 |
|a Mercado financiero
|9 334172
|
| 650 |
|
0 |
|a Toma de decisiones
|9 257530
|
| 650 |
|
0 |
|a Administración de empresas
|9 260833
|
| 650 |
|
0 |
|a Comercialización
|9 259326
|
| 583 |
|
|
|a last modification
|c 19980619 00:00:00
|k Rodrigo Vera
|
| 999 |
|
|
|c 271102
|d 271100
|
| 952 |
|
|
|0 0
|1 0
|4 0
|6 338_500000000000000_BLA_1983
|7 0
|8 A
|9 305615
|a BIBENE
|b BIBENE
|d 2019-11-20
|i 1421301
|o 338.5 BLA 1983
|p 1421301
|r 2025-01-15
|w 2019-11-20
|y BK
|k ICO
|